Strzelcy goli Ekstraklasa sezon 2022/23 - Statystyki

Ogólne statystyki
  • Ten quiz został rozwiązany 169 razy
  • Średni wynik to 71 z 231
Statystyki odpowiedzi
Naziwsko Klub Gole % Poprawnych
Jesús Imaz JAG 14
86%
Marc Gual JAG 16
84%
Ivi López RCZ 9
79%
Josué LEG 12
76%
Kamil Grosicki POG 13
71%
Mikael Ishak LPO 11
70%
Tomáš Pekhart LEG 5
69%
Łukasz Zwoliński LGD 9
67%
Bartłomiej Pawłowski WID 10
66%
Lukas Podolski GÓR 6
66%
Erik Expósito ŚLĄ 7
64%
Fabian Piasecki RCZ 6
62%
Kristoffer Velde LPO 8
61%
Rafał Wolski WPŁ 7
60%
Filip Marchwiński LPO 5
59%
Fran Tudor RCZ 2
59%
Paweł Wszołek LEG 7
59%
Bartosz Nowak RCZ 11
58%
Kamil Wilczek PIA 9
58%
Jakub Czerwiński PIA 1
57%
Vladislavs Gutkovskis RCZ 8
57%
Dominik Kun WID 4
56%
Patryk Kun RCZ 2
56%
Michał Rakoczy CRA 7
55%
Michał Skóraś LPO 9
55%
Taras Romanczuk JAG 1
55%
Flávio Paixão LGD 7
54%
Jordi Sánchez WID 6
52%
Łukasz Sekulski WPŁ 6
52%
Luka Zahović POG 6
51%
Maciej Rosołek LEG 5
51%
Mateusz Mak STM 2
51%
Rafał Augustyniak LEG 4
51%
Rui Nené JAG 5
51%
Bartosz Kapustka LEG 2
49%
Evgeniy Shykauka KOR 6
48%
John Yeboah ŚLĄ 10
48%
Maciej Gajos LGD 4
48%
Vladyslav Kochergin RCZ 8
48%
Adam Zreľák WAR 8
47%
Filip Szymczak LPO 2
47%
Davo WPŁ 9
46%
Ernest Muçi LEG 5
46%
Mateusz Wdowiak RCZ 3
46%
Patryk Dziczek PIA 3
46%
Kajetan Szmyt WAR 3
45%
Radosław Murawski LPO 1
43%
Szymon Włodarczyk GÓR 9
43%
Tomáš Petrášek RCZ 1
43%
Marcin Cebula RCZ 1
42%
Jakub Łukowski KOR 12
41%
Antonio Milić LPO 1
40%
Bartosz Śpiączka WPŁ 6
40%
Blaž Kramer LEG 1
40%
Damian Kądzior PIA 3
40%
Giannis Papanikolau RCZ 1
40%
Michał Nalepa LGD 2
40%
Patryk Makuch CRA 6
40%
Vahan Bichakhchyan POG 6
40%
Dawid Kurminowski ZAG 4
39%
Filip Mladenović LEG 6
39%
Leonardo Rocha RAD 6
39%
Mateusz Szwoch WPŁ 2
39%
Michał Pazdan JAG 1
39%
Jesper Karlström LPO 1
38%
Jorge Félix PIA 3
38%
Stratos Svarnas RCZ 3
38%
Benjamin Källman CRA 6
37%
Damian Dąbrowski POG 4
37%
Grzegorz Tomasiewicz PIA 3
37%
Jean Carlos RCZ 4
37%
Sebastian Kowalczyk POG 6
37%
João Amaral LPO 2
36%
Saïd Hamulić STM 9
36%
Artur Sobiech LPO 3
35%
Damian Rasak GÓR 2
35%
Jarosław Kubicki LGD 2
35%
Maik Nawrocki LEG 4
35%
Mateusz Abramowicz RAD 4
35%
Michał Chrapek PIA 4
35%
Yuri Ribeiro LEG 1
35%
Jakub Myszor CRA 2
34%
Mateusz Łęgowski POG 3
34%
Michael Ameyaw PIA 3
34%
Afonso Sousa LPO 4
33%
Arkadiusz Pyrka PIA 2
33%
Kacper Chodyna ZAG 7
33%
Maciej Domański STM 4
33%
Andrzej Niewulis MIE 1
32%
Mateusz Kowalski JAG 2
32%
Nika Kvekveskiri LPO 2
32%
Piotr Wlazło STM 4
32%
Bogdan Racovițan RCZ 1
31%
Erik Janža GÓR 2
31%
Ernest Terpiłowski WID 3
30%
Lisandro Semedo RAD 3
30%
Maciej Żurawski WAR 4
30%
Matías Nahuel Leiva ŚLĄ 3
30%
Petr Schwarz ŚLĄ 3
30%
Piotr Samiec-Talar ŚLĄ 1
30%
Pontus Almqvist POG 5
30%
Ángelo Henriquez MIE 7
29%
Daisuke Yokota GÓR 2
29%
Damjan Bohar ZAG 3
29%
Filip Starzyński ZAG 1
29%
Gustav Berggren RCZ 1
29%
İlkay Durmuş LGD 1
29%
Kamil Drygas MIE 3
29%
Patrick Olsen ŚLĄ 3
29%
Ronaldo Deaconu KOR 2
29%
Virgil Ghiță CRA 3
29%
Carlitos LEG 1
28%
Jakub Lewicki JAG 1
28%
Ľubomír Šatka LPO 1
28%
Mario Maloča LGD 1
28%
Mateusz Skrzypczak JAG 1
28%
Raphael Rossi RAD 2
28%
Tomáš Přikryl JAG 1
28%
Leonardo Koutris POG 2
27%
Lindsay Rose LEG 1
27%
Łukasz Bejger ŚLĄ 2
27%
Maxime Dominguez MIE 1
27%
Piotr Krawczyk GÓR 4
27%
Kristian Vallo WPŁ 2
26%
Luciano Narsingh MIE 5
26%
Jakub Bartkowski LGD 2
25%
Jan Grzesik WAR 3
25%
Łukasz Łakomy ZAG 4
25%
Tomasz Pieńko ZAG 3
25%
Dawid Szymonowicz WAR 1
24%
Georgiy Tsitaishvili LPO 1
24%
Karol Knap CRA 2
24%
Marcel Wędrychowski POG 1
24%
Maurides RAD 4
24%
Tomasz Makowski ZAG 1
24%
Yevgyen Konoplyanka CRA 2
24%
Alexander Gorgon POG 3
23%
Bartosz Kopacz ZAG 1
23%
Deian Sorescu RCZ 2
23%
Marek Hanousek WID 2
23%
Aleksander Paluszek GÓR 3
22%
Kacper Kostorz KOR 2
22%
Kanji Okunuki GÓR 4
22%
Miłosz Trojak KOR 1
22%
Piotr Malarczyk KOR 3
22%
Robert Dadok GÓR 4
22%
Saša Živec ZAG 2
22%
Stefan Savić WAR 3
22%
Aleksander Pawlak WPŁ 1
21%
Andrejs Cigaņiks WID 1
21%
Dennis Jastrzembski ŚLĄ 2
21%
Dimitrios Stavropoulos WAR 2
21%
Kyrylo Petrov KOR 2
21%
Mateusz Lewandowski WPŁ 2
21%
Takuto Oshima CRA 1
21%
Chuca MIE 6
20%
Dawid Błanik KOR 3
20%
Fedor Černych JAG 1
20%
Jacek Podgórski KOR 1
20%
Jani Atanasov CRA 1
20%
Juliusz Letniowski WID 1
20%
Kacper Smoliński POG 1
20%
Kamil Pestka CRA 1
20%
Kristoffer Hansen WID 3
20%
Luís Machado RAD 3
20%
Mato Miloš WID 1
20%
Michał Kopczyński WAR 1
20%
Tomasz Kupisz JAG 1
20%
Dawid Kocyła WPŁ 2
19%
Dominick Zator KOR 1
19%
Marko Poletanović ZAG 1
19%
Mateusz Bochnak CRA 2
19%
Mateusz Matras STM 2
19%
Miłosz Szczepański WAR 4
19%
Otar Kakabadze CRA 1
19%
Rauno Sappinen STM 4
19%
Richard Jensen GÓR 1
19%
Robert Ivanov WAR 1
19%
Wojciech Łaski JAG 1
19%
Koki Hinokio STM 1
18%
Miguel Luís WAR 3
18%
Olaf Kobacki MIE 1
18%
Roberto Alves RAD 3
18%
David Jablonský CRA 1
16%
Dawid Drachal MIE 1
16%
Fryderyk Gerbowski STM 2
16%
Jarosław Jach ZAG 1
16%
Maciej Bortniczuk JAG 1
16%
Mateusz Grzybek ZAG 2
16%
Patryk Lipski WID 2
16%
Dani Pacheco GÓR 2
15%
Fabian Hiszpański STM 1
15%
Filipe Nascimento RAD 3
15%
Marko Kolar WPŁ 4
15%
Mattias Johansson LEG 1
15%
Arkadiusz Kasperkiewicz STM 1
14%
Arttu Hoskonen CRA 1
14%
Boris Sekulić GÓR 1
14%
Damian Warchoł WPŁ 3
14%
Martin Doležal ZAG 2
14%
Michał Feliks RAD 1
14%
Paweł Olkowski GÓR 1
14%
Tornike Gaprindashvili ZAG 2
14%
Kamil Kruk STM 2
13%
Koldo Obieta MIE 3
13%
Marcos Godinho KOR 1
13%
Martin Kreuzriegler WID 3
13%
Mathias Hebo Rasmussen CRA 1
13%
Frank Castañeda RAD 1
12%
Jakub Jugas CRA 1
12%
Adrian Łyszczarz ŚLĄ 1
11%
Daníel Leó Grétarsson ŚLĄ 1
11%
Enis Destan WAR 1
11%
Maciej Śliwa MIE 1
11%
Nemanja Mijušković MIE 2
11%
Constantin Reiner PIA 2
10%
Emil Bergström GÓR 2
9%
Florian Loshaj CRA 1
9%
Jakub Sypek WID 1
9%
Karol Danielak WID 1
9%
Rafał Adamski ZAG 2
9%
Mian Corryn WAR 1
8%
Paweł Żyra STM 1
8%
Santiago Naveda MIE 1
8%
Anthony van den Hurk GÓR 1
7%
Anton Kryvotsyuk WPŁ 1
7%
Bartłomiej Ciepiela STM 1
7%
Giannis Masouras MIE 1
7%
Matej Rodin CRA 1
7%
Szymon Matuszek MIE 1
7%
Adam Ratajczyk STM 1
6%
Nie znaleziono quizów pasujących do podanych kryteriów
Rozkład punktacji
Procent ludzi z każdym wynikiem
Percentyl według liczby udzielonych odpowiedzi
Twoja historia wyników
Nie rozwiązałeś tego quizu